000 00383 a2200157 4500
001 152783
040 _cEscola São Tomás de Aquino
100 _aROZEN, Beti
240 1 0 _aUm coração à procura de abrigo
_lpor
245 1 0 _aUm coração à procura de abrigo
300 _a26
362 0 _a2015
440 1 _aDimensão
697 _a*LITERATURA INFANTO JUVENIL
942 _cBK
999 _c152783
_d152783